| 000 | 01056cam a2200289 a 4500 | ||
|---|---|---|---|
| 001 | 4889511 | ||
| 003 | PILC | ||
| 005 | 20150112093425.0 | ||
| 008 | 930921s1994 njua 001 0 eng | ||
| 010 | _a 93037562 | ||
| 020 | _a0135330351 | ||
| 040 |
_aDLC _cDLC _dDLC |
||
| 050 | 0 | 0 |
_aTK 5105.7 _b.M37 1994 |
| 082 | 0 | 0 |
_aCSF 004.68 _bM36 1994 |
| 100 | 1 |
_aMartin, James, _d1933- _95706 |
|
| 245 | 1 | 0 |
_aLocal area networks : _barchitectures and implementations / _cJames Martin, with Kathleen Kavanagh Chapman, Joe Leben. |
| 250 | _a2nd ed. | ||
| 260 |
_aEnglewood Cliffs, N.J. : _bPTR Prentice Hall, _c1994. |
||
| 300 |
_a586 pages : _bill. (some col.) ; _c25 cm. |
||
| 500 | _aIncludes index. | ||
| 650 | 0 |
_aLocal area networks (Computer networks) _95707 |
|
| 700 | 1 |
_aChapman, Kathleen Kavanagh. _95708 |
|
| 700 | 1 |
_aLeben, Joe. _95709 |
|
| 906 |
_a7 _bcbc _corignew _d1 _eocip _f19 _gy-gencatlg |
||
| 942 |
_2lcc _cBK |
||
| 999 |
_c14172 _d14172 |
||